| 000 | 01168nab a2200241 a 4500 | ||
|---|---|---|---|
| 005 | 20250130150222.0 | ||
| 007 | ta | ||
| 008 | 250130e2014 dr f||p|r||||||0| 0 spa d | ||
| 040 |
_aDO-SdBNP _cDO-SdBNP _erda |
||
| 041 | _hspa | ||
| 245 |
_aSolución a la situación eléctrica / _cMultimedios Ritmo Económico. |
||
| 264 |
_aSanto Domingo, República Dominicano : _bMultimedios Ritmo Económico, _c2014. |
||
| 300 |
_apágina 1 ; _c35 cm. |
||
| 310 | _aSemestral. | ||
| 336 |
_atexto _btxt _2rdacontent |
||
| 337 |
_asin mediación _bn _2rdamedia |
||
| 338 |
_avolumen _bnc _2rdacarrier |
||
| 362 | _aAño 1, Número 4, Mayo-Junio 2014. | ||
| 521 | _aEnergía eléctrica y producción, son dos ejes vitales del desarrollo de un país, sin embargo en República Dominicana tenemos 120 años sufriendo el déficit energético que impide un buen desarrollo económico para el país y una tranquila a los ciudadanos. | ||
| 650 | 0 |
_aEnergía eléctrica _945629 _vPublicaciones periódicas _zRepública Dominicana |
|
| 773 | 0 |
_058074 _9320248 _dSanto Domingo, República Domingo : Multimedios Ritmo Económico, 2024. _o2025-0586 _tRitmo económico / |
|
| 942 |
_2ddc _cISSUE |
||
| 999 |
_c58097 _d58097 |
||